| 000 | 00692nam a2200193Ia 4500 | ||
|---|---|---|---|
| 003 | GCL | ||
| 008 | 140319s9999 xx 000 0 ara d | ||
| 040 |
_aGCL / _cGCL |
||
| 082 | 0 | 4 |
_a189 _bا ف |
| 100 | 1 | _aاسماعيل البيطار | |
| 245 | 1 | 0 |
_aالفكر العربى : _bومركزه فى التاريخ / _cاسماعيل البيطار |
| 700 | 1 | _aاوليرى،دى لاسى | |
| 260 |
_aبيروت : _bدار الكتاب اللبنانى ، _c1982 |
||
| 300 |
_a278 ص ؛ _c24سم |
||
| 650 | 0 | 4 | _aالفلاسفة العرب |
| 650 | 0 | 4 | _aابن رشد، ابوالوليد محمد بن احمد |
| 650 | 0 | 4 | _aالفلسفة - العالم العربى |
| 942 |
_2ddc _cBK |
||
| 999 |
_c7467 _d7467 |
||